Statistics for U.S. States by Church Attendance

Click here to take the quiz!

General Stats

  • This quiz has been taken 27,356 times
  • The average score is 8 of 10

Answer Stats

%State% Correct
46Alabama
92%
39Georgia
87%
47Mississippi
86%
42South Carolina
81%
42Tennessee
79%
40North Carolina
78%
41Kentucky
76%
45Arkansas
75%
46Louisiana
75%
51Utah
62%

Score Distribution

Percentile by Number Answered

Percent of People with Each Score

Your Score History

You have not taken this quiz